Distributed feedback semiconductor lasers / (Record no. 175612)

000 -LEADER
fixed length control field 01196 a2200241 4500
003 - CONTROL NUMBER IDENTIFIER
control field Nust
005 - DATE AND TIME OF LATEST TRANSACTION
control field 20220802175125.0
010 ## - LIBRARY OF CONGRESS CONTROL NUMBER
LC control number 99159948
020 ## - INTERNATIONAL STANDARD BOOK NUMBER
International Standard Book Number 0819426601 (SPIE)
020 ## - INTERNATIONAL STANDARD BOOK NUMBER
International Standard Book Number 0852969171 (IEE)
040 ## - CATALOGING SOURCE
Transcribing agency Nust
082 00 - DEWEY DECIMAL CLASSIFICATION NUMBER
Classification number 621.366,CAR
100 1# - MAIN ENTRY--PERSONAL NAME
Personal name Carroll, John E.
9 (RLIN) 78601
245 10 - TITLE STATEMENT
Title Distributed feedback semiconductor lasers /
Statement of responsibility, etc. John Carroll, James Whiteaway & Dick Plumb.
260 ## - PUBLICATION, DISTRIBUTION, ETC.
Place of publication, distribution, etc. London, UK :
Name of publisher, distributor, etc. The Institution of Electrical Engineers :
-- SPIE Optical Engineering Press,
Date of publication, distribution, etc. c1998.
300 ## - PHYSICAL DESCRIPTION
Extent xxv, 412 p. :
Other physical details ill. ;
Dimensions 25 cm.
440 #0 - SERIES STATEMENT/ADDED ENTRY--TITLE
Title IEE Circuits, devices and systems series ;
Volume/sequential designation 10
9 (RLIN) 96346
505 ## - FORMATTED CONTENTS NOTE
Formatted contents note The Semi-Conductor Diode Laser (Page-1), Gain, Loose And Spontaneous Emission (Page-37), Principles Of Modeling Guided Waves (Page-76), Optical Energy Exchange In Guides (Page-97), Basic Principles Of Lasers With Distributed Feedback (Page-128), More Advanced Distributed Feedback Laser Design (Page-165), Numerical Modeling For DFB Lasers (Page-209), Future Devices, Modeling And Systems Analysis (Page-252).
650 #0 - SUBJECT ADDED ENTRY--TOPICAL TERM
Topical term or geographic name entry element Telecommunication Engineering.
700 1# - ADDED ENTRY--PERSONAL NAME
Personal name Plumb, Dick.
9 (RLIN) 96347
700 1# - ADDED ENTRY--PERSONAL NAME
Personal name Whiteaway, James.
9 (RLIN) 96348
942 ## - ADDED ENTRY ELEMENTS (KOHA)
Koha item type Reference
Source of classification or shelving scheme
Holdings
Withdrawn status Lost status Source of classification or shelving scheme Damaged status Not for loan Permanent Location Current Location Shelving location Date acquired Full call number Barcode Date last seen Price effective from Koha item type Public note
          Military College of Signals (MCS) Military College of Signals (MCS) Reference 12/12/2016 621.366,CAR MCS27405 12/08/2016 12/12/2016 Reference Almirah No.20, Shelf No.4
© 2023 Central Library, National University of Sciences and Technology. All Rights Reserved.